00600nam a2200241Ia 450000500170000000800460001702000180006303700100008104000080009104000080009904000080010704100080011504100080012308400080013110000220013924500550016124500440021626000230026026000090028336500050029236500080029785600530030520260324112918.0008 260324s9999 xx 000 0 eng d a9781003407980 aEBOOK aCRL beng cCRL 2eng aeng qCRL aKathleen Smithers 0aTourism, Philanthropy and School Tours in Zimbabwe 0bProblematising “Win-Win” Discourses bTaylor and Francis c2024 a b230 uhttp://www.taylorfrancis.com/books/9781003407980